[Event "Dubai op-B 23rd"]
[Site "Dubai"]
[Date "2023.06.02"]
[Round "7"]
[White "Mohammad Abdulrahman, Alawadhi"]
[Black "Yasmin, Ali"]
[Result "1-0"]
[WhiteElo "1708"]
[BlackElo "1520"]
[PlyCount "63"]
[EventDate "2023.05.27"]
[EventType "swiss"]
[EventRounds "9"]
[EventCountry "UAE"]
[SourceTitle "CBM 214 Extra"]
[Source "ChessBase"]
[SourceDate "2023.07.31"]
[SourceVersion "1"]
[SourceVersionDate "2023.07.31"]
[SourceQuality "1"]

1. e4 c5 2. Nf3 e6 3. d4 cxd4 4. Nxd4 a6 5. c4 Qc7 6. Nc3 Nf6 7. a3 Be7 8. Be3 0-0 9. Be2 b6 10. 0-0 Bb7 11. f3 d6 12. Qd2 Nbd7 13. Rfd1 Rac8 14. Rac1 Qb8 15. Bf1 Bd8 16. g4 Ne5 17. g5 Nfd7 18. b3 Nc5 19. Qf2 d5 20. b4 dxe4 21. bxc5 bxc5 22. Nxe4 cxd4 23. Rxd4 f5 24. gxf6 Bxf6 25. f4 Ng4 26. Nxf6+ Rxf6 27. Qg3 e5 28. Rd7 Ba8 29. fxe5 Rg6 30. Bd3 Nxe3 31. Bxg6 Rc7 32. Bxh7+ 1-0

[Event "Sharjah Rapid op 27th"]
[Site "Sharjah"]
[Date "2022.04.06"]
[Round "2"]
[White "Mohammad Abdulrahman, Alawadhi"]
[Black "Storey, Charles"]
[Result "0-1"]
[WhiteElo "1371"]
[BlackElo "2220"]
[PlyCount "72"]
[EventDate "2022.04.06"]
[EventType "swiss (rapid)"]
[EventRounds "9"]
[EventCountry "UAE"]
[SourceTitle "CBM 207 Extra"]
[Source "ChessBase"]
[SourceDate "2022.05.31"]
[SourceVersion "1"]
[SourceVersionDate "2022.05.31"]
[SourceQuality "1"]

1. e4 g6 2. d4 Bg7 3. Nf3 c5 4. c3 cxd4 5. cxd4 d5 6. e5 Bg4 7. Be3 Nc6 8. Nc3 e6 9. Be2 Nge7 10. h3 Bxf3 11. Bxf3 Nf5 12. g4 Nxe3 13. fxe3 Qh4+ 14. Ke2 0-0 15. Qe1 Qe7 16. Qd2 f6 17. exf6 Bxf6 18. Raf1 Qg7 19. h4 Bxd4 20. g5 Bxc3 21. bxc3 Ne5 22. Qd4 Nxf3 23. Rxf3 Rxf3 24. Qxg7+ Kxg7 25. Kxf3 Rc8 26. Rc1 Rc4 27. Kg3 b6 28. Rc2 Kf7 29. Rf2+ Ke7 30. Rc2 Kd6 31. Rf2 Rxc3 32. Rf7 Rxe3+ 33. Kg4 Re4+ 34. Kg3 d4 35. Rxh7 d3 36. Rh8 Rd4 0-1